Business environment of small and medium enterprises in Slovakia diplomová práca

Na minha lista:
Detalhes bibliográficos
Autor principal: Strmeňová, Lujza
Autor Corporativo: Ekonomická univerzita v Bratislave. Ústav medzinárodných programov
Outros Autores: Šúbertová, Elena
Formato: Livro
Idioma:inglês
Publicado em: Bratislava 2010
Tags: Adicionar Tag
Sem tags, seja o primeiro a adicionar uma tag!

MARC

LEADER 00000nam a2200000 4500
001 0119520
005 20240318114140.1
041 0 |a eng 
044 |a SK 
245 1 0 |a Business environment of small and medium enterprises in Slovakia  |b diplomová práca  |c Lujza Strmeňová ; škol. Elena Šúbertová 
264 1 |a Bratislava  |c 2010 
300 |a 82 s. 
100 1 |a Strmeňová, Lujza 
700 1 |a Šúbertová, Elena 
710 2 |a Ekonomická univerzita v Bratislave. Ústav medzinárodných programov